Die Keyserlings als Landwirte in Estland
| Titel: | Die Keyserlings als Landwirte in Estland |
|---|---|
| Verfasser: | |
| In: |
Baltisches Welterlebnis, (2007), Seite 133-158, Abb. alle Artikel anzeigen |
| Veröffentlicht: | 2007 |
| Format: | Aufsatz |
| Sprache: | Deutsch |
X
alg: 39222449 001A $01999:11-11-16 001B $01999:16-05-21 $t20:25:26.000 001D $01999:11-11-16 001U $0utf8 001X $00 002@ $0Aox 003@ $0392224496 007A $0392224496 $aHEB 007T $0Herdc0043159m 010@ $ager 011@ $a2007 021A $aDie @Keyserlings als Landwirte in Estland 028A $aKivimäe $dSirje 031A $h133-158, Abb. $j2007 039B $aIn $8--Aau--. Baltisches Welterlebnis. - Heidelberg : Winter, 2007. - 586 S.. - Ill.. - ISBN 978-3-8253-5376-6 $x200700000000000867 $9190652160 045F $a929.094798 $eDDC23BSB 045F/01 $a929 045F/03 $g4798 lok: 39222449 78 exp: 39222449 78 1 #EPN 201B/01 $022-03-18 $t23:27:07.000 201U/01 $0utf8 203@/01 $0788320750 208@/01 $a11-11-16 $be 209A/01 $a/ $f000 $x00 220C/01 $aTitelaufnehmer: kk;sk 220C/01 $aHerkunft: HI Marburg 244Z/01 $2Trx $#Estija $#Igaunija $#Estland $#Estonia $#Estonia $#Estónsko $#Estonsko $8--Trx--Eesti $x01 $9391237225 244Z/01 $#Rayküll $7115495109X $8--Tg3--Raikküla$gRapla $x02 $9427701740 244Z/01 $2Trx $8--Trx--Keyserling, Alexander von$Z1815-1891 $x03 $9390983314 244Z/01 $2Trx $8--Trx--Keyserling, Leo von$Z1849-1895 $x04 $9390927104 244Z/01 $2Trx $#perekonnad ja sugupõlved $#giminės ir šeimos $#Families and Noble Houses $#családok és nemek $#rody i rodziny $#rodiny a rody $#rodiny a rody $#Geschlechter $#Noble Houses $#rody $#rody $#rody $8--Trx--Familien und Geschlechter $x05 $9391371916 244Z/01 $2Trx $#põllumajandus $#žemės ūkis $#agriculture $#mezögazdaság $#rolnictwo $#poľnohospodárstvo $#zemědělství $8--Trx--Landwirtschaft $x06 $9391356275 244Z/01 $2Trx $#talunike vabastamine 19 saj. $#baudžiavos panaikinimas XIX a. $#Peasant emancipation $#jobbágyfelszabadítás XIX. század $#uwłaszczenie chłopów XIX w. $#zrušenie poddanstva 19. storočie $#zrušení poddanství 19. století $8--Trx--Bauernbefreiung$g19. Jh. $x07 $9391360027 244Z/01 $2Trx $#agraarpoliitika $#agrarinė politika $#Agrarian policies $#agrárpolitika $#polityka agrarna $#politika poľnohospodárska $#politika zemědělská $#Landwirtschaftspolitik $8--Trx--Agrarpolitik $x08 $9391362933 244Z/01 $2Trx $#mõisahärrad $#žemės valdymo sistema $#gentry rule $#földesuralom $#gospodarka folwarczno-pańszczyźniana $#statkárstvo $#vrchnostenský systém $#Gutswirtschaft $#Fronwirtschaft $#system właścicieli ziemskich $#veľkostatky $#robotné hospodárstvo $#hospodářství vrchnostenské a velkostatky $8--Trx--Gutsherrschaft $x09 $9391367781 244Z/01 $2Trx $#maareformid $#žemės reformos $#land reforms $#földreform $#reformy rolne $#reformy pozemkové $#reformy pozemkové $#Agrarreformen $#reformy poľnohospodárske $#reformy zemědělské $8--Trx--Bodenreformen $x10 $9391365061 244Z/01 $2Trx $8--Trx--Einzelbeiträge $x11 $9391384570 245Z/01 $a12.03 $x01 247C/01 $82080>Marburg/Lahn, Herder-Institut, Forschungsbibliothek, Bibliographieportal $9336309341
| LEADER | 00000caa a22000002c 4500 | ||
|---|---|---|---|
| 001 | 392224496 | ||
| 003 | DE-603 | ||
| 005 | 20210516202526.0 | ||
| 007 | tu | ||
| 008 | 161111s2007 xx |||| | u00||u|ger c | ||
| 035 | |a (DE-599)HEB392224496 | ||
| 040 | |a DE-603 |b ger |c DE-603 |d DE-603 | ||
| 041 | |a ger | ||
| 082 | 0 | 4 | |8 1\u |a 929.094798 |q DE-101 |2 23/BSB |
| 085 | |8 1\u |b 929 | ||
| 085 | |8 1\u |z 2 |s 4798 | ||
| 100 | 1 | |a Kivimäe, Sirje | |
| 245 | 0 | 0 | |a Die Keyserlings als Landwirte in Estland |
| 264 | 0 | |c 2007 | |
| 773 | 0 | 8 | |i In |t Baltisches Welterlebnis |d Heidelberg : Winter, 2007 |h 586 S., Ill. |z 9783825353766 |z 3825353761 |g (2007), Seite 133-158, Abb. |w (DE-603)190652160 |
| 924 | 0 | |9 2080 |a (DE-603)788320750 |b DE-2080 |c HES |d d |g / | |


